Flowering plants : evolution and classification of higher categories ; symposium, Hamburg, September 8-12, 1976 /
Uložené v:
| Ďalší autori: | |
|---|---|
| Médium: | Kniha |
| Jazyk: | German |
| Vydané: |
Wien New York :
Springer-Verlag,
1977.
|
| Vydanie: | 1. Aufl. |
| Edícia: | Plant systematics and evolution
supplementum 1 |
| ISBN: |
(brož.) |
| Fyzický popis: |
416 s. |
| Tagy: |
Pridať tag
Žiadne tagy, Buďte prvý kto otaguje tento záznam!
|
Titul je dostupný aj v ... 

MARC
| LEADER | 00000nam a22000004a 4500 | ||
|---|---|---|---|
| 001 | 000550310 | ||
| 005 | 20170708200024.0 | ||
| 008 | 170708 1977 au e ger d | ||
| 020 | |a (brož.) |c Kčs 1990,00 | ||
| 040 | |a SVKKK |b slo |c SVKKK |e AACR2 | ||
| 041 | 0 | |a ger | |
| 044 | |a au |c AT | ||
| 245 | 1 | 0 | |a Flowering plants : |b evolution and classification of higher categories ; symposium, Hamburg, September 8-12, 1976 / |c ed. Klaus Kubitzki. |
| 250 | |a 1. Aufl. | ||
| 260 | |a Wien |a New York : |b Springer-Verlag, |c 1977. | ||
| 300 | |a 416 s. | ||
| 490 | 1 | |a Plant systematics and evolution |v supplementum 1 | |
| 700 | 1 | |a Kubitzki, Klaus |4 edt | |
| 830 | 0 | |a Plant systematics and evolution |v supplementum 1 | |
| 910 | |a svkkk | ||
| 998 | |a BK | ||
| 090 | |g SCKHL |k Sklad Pribinova 1. posch. |a IV.111664 |j 623258 |i 550310-10 |s Absenčne | ||